[Event "EYCC 2024 - O18"]
[Site "?"]
[Date "2024.08.23"]
[Round "2.1"]
[White "Dehtiarov, Roman"]
[Black "Sokolovsky, Yahli"]
[Result "0-1"]
[BlackElo "2522"]
[WhiteElo "2308"]
[LiveChessVersion "1.4.8"]

1. e4 {[%clk 1:30:57]} c5 {[%clk 1:30:54]} 2. Nf3 {[%clk 1:31:20]} d6
{[%clk 1:31:19]} 3. d4 {[%clk 1:31:40]} cxd4 {[%clk 1:31:39]} 4. Nxd4
{[%clk 1:32:08]} Nf6 {[%clk 1:31:48]} 5. Nc3 {[%clk 1:32:28]} a6 {[%clk 1:31:55]}
6. Be2 {[%clk 1:31:42]} e5 {[%clk 1:32:09]} 7. Nb3 {[%clk 1:32:04]} Be7
{[%clk 1:32:34]} 8. Be3 {[%clk 1:32:22]} Be6 {[%clk 1:32:59]} 9. O-O
{[%clk 1:32:41]} O-O {[%clk 1:33:04]} 10. Qd2 {[%clk 1:32:42]} Nbd7
{[%clk 1:33:28]} 11. a4 {[%clk 1:32:59]} Rc8 {[%clk 1:33:20]} 12. a5
{[%clk 1:31:39]} Qc7 {[%clk 1:33:45]} 13. Rfd1 {[%clk 1:31:01]} h6
{[%clk 1:33:48]} 14. Nc1 {[%clk 1:29:07]} Rfe8 {[%clk 1:30:20]} 15. Nd3
{[%clk 1:19:15]} Ng4 {[%clk 1:21:49]} 16. Bxg4 {[%clk 1:15:13]} Bxg4
{[%clk 1:22:16]} 17. f3 {[%clk 1:15:33]} Be6 {[%clk 1:22:41]} 18. Nb4
{[%clk 1:15:45]} Bf8 {[%clk 1:14:11]} 19. Nbd5 {[%clk 1:06:04]} Qc6
{[%clk 1:00:23]} 20. Ra4 {[%clk 0:52:50]} Bxd5 {[%clk 0:45:23]} 21. Qxd5
{[%clk 0:52:18]} Qxd5 {[%clk 0:45:28]} 22. Rxd5 {[%clk 0:48:58]} Rc7
{[%clk 0:45:50]} 23. Rd2 {[%clk 0:46:14]} Rec8 {[%clk 0:44:14]} 24. Kf1
{[%clk 0:43:47]} Nf6 {[%clk 0:35:33]} 25. Ke2 {[%clk 0:41:35]} Be7
{[%clk 0:35:31]} 26. g4 {[%clk 0:39:37]} Rc4 {[%clk 0:23:06]} 27. Rxc4
{[%clk 0:30:09]} Rxc4 {[%clk 0:23:34]} 28. Kd3 {[%clk 0:29:24]} Rc8
{[%clk 0:20:07]} 29. g5 {[%clk 0:28:02]} hxg5 {[%clk 0:19:01]} 30. Bxg5
{[%clk 0:28:02]} g6 {[%clk 0:18:57]} 31. Bxf6 {[%clk 0:24:42]} Bxf6
{[%clk 0:19:26]} 32. Nd5 {[%clk 0:24:02]} Kg7 {[%clk 0:19:44]} 33. b4
{[%clk 0:16:05]} Rh8 {[%clk 0:19:50]} 34. Rg2 {[%clk 0:16:06]} Rh3
{[%clk 0:17:48]} 35. Ke2 {[%clk 0:16:01]} Bd8 {[%clk 0:17:43]} 36. c4
{[%clk 0:12:56]} Kf8 {[%clk 0:18:11]} 37. Ne3 {[%clk 0:11:14]} Ke7
{[%clk 0:18:40]} 38. Nd5+ {[%clk 0:11:09]} Kd7 {[%clk 0:19:03]} 39. Ke3
{[%clk 0:10:30]} Kc6 {[%clk 0:17:02]} 40. Ke2 {[%clk 0:10:00]} Rh5
{[%clk 0:16:04]} 41. Kd3 {[%clk 0:08:23]} Kd7 {[%clk 0:16:03]} 42. Ke2
{[%clk 0:08:23]} Ke6 {[%clk 0:16:04]} 43. Ke3 {[%clk 0:08:02]} Bg5+
{[%clk 0:16:07]} 44. Kd3 {[%clk 0:07:38]} Bd8 {[%clk 0:14:10]} 45. Ke3
{[%clk 0:07:56]} Rh6 {[%clk 0:14:38]} 46. Ke2 {[%clk 0:06:39]} f5
{[%clk 0:13:12]} 47. Ne3 {[%clk 0:06:07]} f4 {[%clk 0:11:47]} 48. Nd5
{[%clk 0:06:33]} Kf7 {[%clk 0:11:46]} 49. Kf2 {[%clk 0:06:37]} Rh3
{[%clk 0:11:55]} 50. Nc3 {[%clk 0:05:40]} Bh4+ {[%clk 0:09:27]} 51. Ke2
{[%clk 0:06:08]} g5 {[%clk 0:08:22]} 52. Nd1 {[%clk 0:06:25]} g4 {[%clk 0:08:39]}
53. Rxg4 {[%clk 0:06:50]} Rxh2+ {[%clk 0:09:06]} 54. Kf1 {[%clk 0:06:14]} Bg3
{[%clk 0:08:51]} 55. Nc3 {[%clk 0:06:36]} Rf2+ {[%clk 0:07:50]} 56. Kg1
{[%clk 0:07:05]} Rxf3 {[%clk 0:08:09]} 57. Nd5 {[%clk 0:07:34]} Rd3
{[%clk 0:06:18]} 58. Rg5 {[%clk 0:07:31]} Rd4 {[%clk 0:06:47]} 59. Rf5+
{[%clk 0:07:54]} Kg6 {[%clk 0:06:53]} 60. Ne7+ {[%clk 0:03:46]} Kg7
{[%clk 0:07:22]} 61. c5 {[%clk 0:03:58]} dxc5 {[%clk 0:07:14]} 62. bxc5
{[%clk 0:04:27]} Rxe4 {[%clk 0:07:09]} 63. c6 {[%clk 0:04:57]} bxc6
{[%clk 0:07:05]} 64. Nxc6 {[%clk 0:05:26]} Re1+ {[%clk 0:06:53]} 65. Kg2
{[%clk 0:05:55]} e4 {[%clk 0:06:41]} 66. Ne5 {[%clk 0:06:14]} Ra1
{[%clk 0:05:14]} 67. Rf7+ {[%clk 0:06:09]} Kh6 {[%clk 0:04:09]} 68. Rf5
{[%clk 0:04:12]} Ra2+ {[%clk 0:04:37]} 69. Kg1 {[%clk 0:02:56]} f3
{[%clk 0:04:17]} 70. Nxf3 {[%clk 0:03:05]} exf3 {[%clk 0:04:34]} 71. Rxf3
{[%clk 0:03:29]} Be5 {[%clk 0:04:59]} 0-1

[Event "EYCC 2024 - O18"]
[Site "?"]
[Date "2024.08.23"]
[Round "2.2"]
[White "Klimkowski, Jan"]
[Black "Ribera Veganzones, Serni"]
[Result "1-0"]
[BlackElo "2309"]
[WhiteElo "2508"]
[LiveChessVersion "1.4.8"]

1. e4 {[%clk 1:30:56]} c5 {[%clk 1:30:53]} 2. Nf3 {[%clk 1:31:17]} d6
{[%clk 1:31:16]} 3. Bb5+ {[%clk 1:29:54]} Nd7 {[%clk 1:31:35]} 4. a4
{[%clk 1:28:32]} Ngf6 {[%clk 1:31:41]} 5. Nc3 {[%clk 1:28:43]} a6
{[%clk 1:31:49]} 6. Be2 {[%clk 1:28:45]} b6 {[%clk 1:31:55]} 7. d4
{[%clk 1:27:43]} cxd4 {[%clk 1:32:13]} 8. Qxd4 {[%clk 1:28:08]} Bb7
{[%clk 1:32:20]} 9. O-O {[%clk 1:27:27]} e6 {[%clk 1:32:31]} 10. Nd2
{[%clk 1:25:53]} d5 {[%clk 1:25:40]} 11. exd5 {[%clk 1:24:11]} Bc5
{[%clk 1:25:45]} 12. Qf4 {[%clk 1:24:22]} exd5 {[%clk 1:20:49]} 13. Nb3
{[%clk 1:22:11]} O-O {[%clk 1:19:07]} 14. Be3 {[%clk 1:18:36]} Re8
{[%clk 1:16:08]} 15. Bd4 {[%clk 1:17:59]} Bf8 {[%clk 1:02:55]} 16. Rad1
{[%clk 1:14:51]} Rc8 {[%clk 1:01:15]} 17. Bd3 {[%clk 1:09:21]} g6
{[%clk 0:58:05]} 18. Rfe1 {[%clk 1:07:58]} Bg7 {[%clk 0:55:58]} 19. h3
{[%clk 1:00:00]} Rxe1+ {[%clk 0:54:12]} 20. Rxe1 {[%clk 1:00:25]} Nc5
{[%clk 0:48:40]} 21. Qe3 {[%clk 0:52:42]} Nxb3 {[%clk 0:45:24]} 22. cxb3
{[%clk 0:51:22]} Nd7 {[%clk 0:45:31]} 23. Bxg7 {[%clk 0:42:52]} Kxg7
{[%clk 0:45:58]} 24. Be2 {[%clk 0:37:27]} Qf6 {[%clk 0:37:32]} 25. Rd1
{[%clk 0:36:51]} Qd6 {[%clk 0:33:17]} 26. Qd4+ {[%clk 0:33:14]} Nf6
{[%clk 0:33:05]} 27. Bf3 {[%clk 0:29:37]} Kg8 {[%clk 0:26:37]} 28. g3
{[%clk 0:27:17]} Rd8 {[%clk 0:23:12]} 29. Kg2 {[%clk 0:27:09]} h5
{[%clk 0:22:12]} 30. Re1 {[%clk 0:25:23]} Kf8 {[%clk 0:16:48]} 31. Rd1
{[%clk 0:24:10]} Re8 {[%clk 0:16:24]} 32. b4 {[%clk 0:23:10]} Rc8
{[%clk 0:12:53]} 33. a5 {[%clk 0:22:06]} b5 {[%clk 0:11:41]} 34. b3
{[%clk 0:21:59]} Kg8 {[%clk 0:11:23]} 35. Ne2 {[%clk 0:22:17]} Rc7
{[%clk 0:06:32]} 36. Nf4 {[%clk 0:22:20]} Bc8 {[%clk 0:04:35]} 37. Nd3
{[%clk 0:19:49]} Bf5 {[%clk 0:04:32]} 38. Nc5 {[%clk 0:18:39]} Re7
{[%clk 0:04:15]} 39. Qf4 {[%clk 0:14:03]} Qc6 {[%clk 0:03:09]} 40. Rc1
{[%clk 0:11:10]} Rc7 {[%clk 0:01:36]} 41. g4 {[%clk 0:10:08]} hxg4
{[%clk 0:01:49]} 42. hxg4 {[%clk 0:10:36]} Be4 {[%clk 0:01:35]} 43. Nxe4
{[%clk 0:10:38]} 1-0

[Event "EYCC 2024 - O18"]
[Site "?"]
[Date "2024.08.23"]
[Round "2.4"]
[White "Rozen, Eytan"]
[Black "Farokhi, Keyvan"]
[Result "1/2-1/2"]
[BlackElo "2307"]
[WhiteElo "2478"]
[LiveChessVersion "1.4.8"]

1. c4 {[%clk 1:30:57]} e6 {[%clk 1:30:52]} 2. Nf3 {[%clk 1:30:47]} Nf6
{[%clk 1:31:13]} 3. b3 {[%clk 1:29:51]} d5 {[%clk 1:30:45]} 4. Bb2
{[%clk 1:29:52]} Be7 {[%clk 1:30:21]} 5. e3 {[%clk 1:29:59]} O-O {[%clk 1:28:09]}
6. Nc3 {[%clk 1:27:53]} c5 {[%clk 1:25:50]} 7. cxd5 {[%clk 1:27:46]} exd5
{[%clk 1:26:11]} 8. d4 {[%clk 1:26:42]} Nc6 {[%clk 1:24:17]} 9. Be2
{[%clk 1:25:23]} Bg4 {[%clk 1:15:26]} 10. dxc5 {[%clk 1:24:30]} Bxc5
{[%clk 1:15:49]} 11. O-O {[%clk 1:24:42]} a6 {[%clk 1:14:14]} 12. h3
{[%clk 1:23:24]} Bh5 {[%clk 1:08:26]} 13. Na4 {[%clk 1:13:45]} Ba7
{[%clk 1:08:39]} 14. Bxf6 {[%clk 1:13:45]} Qxf6 {[%clk 1:08:39]} 15. Qxd5
{[%clk 1:13:45]} Bg6 {[%clk 1:08:39]} 16. Qg5 {[%clk 1:13:45]} Qxg5
{[%clk 1:00:46]} 17. Nxg5 {[%clk 1:08:05]} Rfd8 {[%clk 0:49:30]} 18. Rac1
{[%clk 0:59:21]} Nb4 19. Rfd1 {[%clk 0:59:28]} Rxd1+ {[%clk 0:43:00]} 20. Rxd1
{[%clk 0:55:11]} h6 {[%clk 0:37:24]} 21. Nf3 {[%clk 0:52:52]} Nxa2
{[%clk 0:30:35]} 22. Rd2 Nb4 {[%clk 0:29:25]} 23. Ne5 {[%clk 0:52:26]} b5 24. Nc3
{[%clk 0:50:17]} Bf5 {[%clk 0:28:35]} 25. Nd5 Nxd5 {[%clk 0:28:04]} 26. Rxd5
{[%clk 0:48:39]} Be6 {[%clk 0:28:08]} 27. Rd6 {[%clk 0:49:11]} Bc5
{[%clk 0:27:46]} 28. Rc6 {[%clk 0:49:04]} Be7 29. Bf3 {[%clk 0:49:04]} Rc8
{[%clk 0:22:12]} 30. Rxa6 {[%clk 0:49:04]} Bxb3 {[%clk 0:22:32]} 31. Rb6
{[%clk 0:47:23]} Bc4 {[%clk 0:17:43]} 32. Rb7 {[%clk 0:43:50]} Bd6
{[%clk 0:17:06]} 33. Nc6 {[%clk 0:42:55]} g6 {[%clk 0:11:54]} 34. g3
{[%clk 0:40:52]} Kg7 {[%clk 0:11:47]} 35. Kg2 {[%clk 0:40:20]} Rc7
{[%clk 0:11:51]} 36. Rb6 {[%clk 0:39:55]} Bc5 {[%clk 0:11:13]} 37. Rb8
{[%clk 0:40:20]} Rd7 {[%clk 0:11:28]} 38. Ne5 {[%clk 0:37:57]} Rd2
{[%clk 0:11:48]} 39. Kg1 {[%clk 0:37:37]} Bd6 {[%clk 0:05:38]} 40. Nxc4
{[%clk 0:36:39]} bxc4 {[%clk 0:06:06]} 41. Rc8 {[%clk 0:36:39]} Rc2
{[%clk 0:06:23]} 42. Be4 {[%clk 0:33:27]} Rc1+ {[%clk 0:06:43]} 43. Kg2
{[%clk 0:33:55]} c3 {[%clk 0:06:30]} 44. Rc6 {[%clk 0:30:32]} Be5
{[%clk 0:04:42]} 45. f4 {[%clk 0:30:36]} Bb8 {[%clk 0:04:19]} 46. Kf2
{[%clk 0:27:55]} h5 {[%clk 0:04:16]} 47. Bd5 {[%clk 0:25:53]} Rd1
{[%clk 0:01:27]} 48. Bb3 {[%clk 0:25:28]} Rc1 {[%clk 0:01:41]} 49. h4
{[%clk 0:24:07]} c2 {[%clk 0:00:47]} 50. Bxc2 {[%clk 0:23:36]} Ba7
{[%clk 0:00:38]} 51. Ke2 {[%clk 0:23:31]} Rg1 {[%clk 0:00:37]} 52. Rc7
{[%clk 0:22:55]} Bb6 {[%clk 0:01:05]} 53. Rc6 {[%clk 0:22:46]} Ba7
{[%clk 0:01:23]} 54. Kf3 {[%clk 0:22:08]} Re1 {[%clk 0:01:37]} 55. Rc3
{[%clk 0:21:40]} Bb6 {[%clk 0:01:55]} 56. Bb3 {[%clk 0:21:28]} Rf1+
{[%clk 0:01:04]} 57. Ke2 {[%clk 0:21:20]} Rg1 {[%clk 0:01:15]} 58. Kf2
{[%clk 0:19:04]} Rb1 {[%clk 0:01:39]} 59. Rd3 {[%clk 0:18:56]} Bc5
{[%clk 0:01:46]} 60. Bd5 {[%clk 0:18:39]} Bb4 {[%clk 0:01:02]} 61. Kf3
{[%clk 0:16:45]} Rb2 {[%clk 0:00:54]} 62. Ke4 {[%clk 0:16:09]} Be1
{[%clk 0:00:41]} 63. Ra3 {[%clk 0:16:32]} f5+ {[%clk 0:00:46]} 64. Ke5
{[%clk 0:16:33]} Rb8 {[%clk 0:00:53]} 65. Ra7+ {[%clk 0:14:39]} Kh6
{[%clk 0:01:21]} 66. Bf7 {[%clk 0:14:53]} Rf8 {[%clk 0:01:22]} 67. e4
{[%clk 0:11:10]} fxe4 {[%clk 0:01:45]} 68. Kxe4 {[%clk 0:10:06]} Bxg3
{[%clk 0:02:10]} 69. f5 {[%clk 0:10:18]} gxf5+ {[%clk 0:02:32]} 70. Kf3
{[%clk 0:09:14]} Bxh4 {[%clk 0:01:41]} 71. Ra6+ {[%clk 0:09:40]} 1/2-1/2

[Event "EYCC 2024 - O18"]
[Site "?"]
[Date "2024.08.23"]
[Round "2.5"]
[White "Eilenberg, Jonas"]
[Black "Macias Pino, Diego"]
[Result "0-1"]
[BlackElo "2477"]
[WhiteElo "2285"]
[LiveChessVersion "1.4.8"]

1. d4 {[%clk 1:30:57]} Nf6 {[%clk 1:30:53]} 2. c4 {[%clk 1:31:20]} c5
{[%clk 1:30:44]} 3. d5 {[%clk 1:31:43]} b5 {[%clk 1:30:28]} 4. cxb5
{[%clk 1:31:38]} a6 {[%clk 1:30:51]} 5. e3 {[%clk 1:32:03]} e6 {[%clk 1:30:53]}
6. dxe6 {[%clk 1:29:40]} fxe6 {[%clk 1:31:15]} 7. Nc3 {[%clk 1:29:15]} d5
{[%clk 1:28:15]} 8. Nf3 {[%clk 1:29:37]} Be7 {[%clk 1:23:32]} 9. Bd3
{[%clk 1:24:26]} O-O {[%clk 1:15:25]} 10. O-O {[%clk 1:24:40]} axb5
{[%clk 1:07:13]} 11. Nxb5 {[%clk 1:24:13]} Nc6 {[%clk 1:07:23]} 12. Re1
{[%clk 1:09:31]} e5 {[%clk 1:02:04]} 13. e4 {[%clk 1:03:48]} Nxe4
{[%clk 1:01:09]} 14. Bxe4 {[%clk 0:51:38]} dxe4 {[%clk 1:01:01]} 15. Nd2
{[%clk 0:43:32]} Ba6 {[%clk 0:56:23]} 16. Nc3 {[%clk 0:38:27]} Nb4
{[%clk 0:55:02]} 17. Ndxe4 {[%clk 0:37:41]} Bd3 {[%clk 0:47:05]} 18. Re3
{[%clk 0:36:01]} c4 {[%clk 0:45:45]} 19. Qh5 {[%clk 0:28:45]} Qd4
{[%clk 0:40:22]} 20. Qg4 {[%clk 0:25:00]} Ra6 {[%clk 0:36:52]} 21. Rf3
{[%clk 0:16:00]} Rg6 {[%clk 0:25:59]} 22. Rxf8+ {[%clk 0:16:16]} Bxf8
{[%clk 0:26:25]} 23. Qf3 {[%clk 0:16:27]} Nc2 {[%clk 0:25:56]} 24. Be3
{[%clk 0:16:47]} Bxe4 {[%clk 0:23:51]} 25. Nxe4 {[%clk 0:16:43]} Qd3
{[%clk 0:19:03]} 26. Ng5 {[%clk 0:06:28]} Rxg5 {[%clk 0:16:18]} 27. Rd1
{[%clk 0:06:57]} e4 {[%clk 0:16:31]} 28. Qxf8+ {[%clk 0:07:22]} Kxf8
{[%clk 0:16:59]} 29. Rxd3 {[%clk 0:07:44]} cxd3 {[%clk 0:17:25]} 30. Bxg5
{[%clk 0:08:08]} e3 {[%clk 0:17:50]} 0-1

[Event "EYCC 2024 - O18"]
[Site "?"]
[Date "2024.08.23"]
[Round "2.18"]
[White "Elmi, Saad Abobaker"]
[Black "Sachilaru, Alexandru"]
[Result "1-0"]
[BlackElo "2255"]
[WhiteElo "2383"]
[LiveChessVersion "1.4.8"]

1. e4 {[%clk 1:30:59]} c6 {[%clk 1:30:46]} 2. Nf3 {[%clk 1:29:40]} d5
{[%clk 1:30:51]} 3. Nc3 {[%clk 1:29:51]} Bg4 {[%clk 1:30:58]} 4. Be2
{[%clk 1:30:04]} e6 {[%clk 1:30:18]} 5. O-O {[%clk 1:28:40]} Be7 {[%clk 1:29:53]}
6. d4 {[%clk 1:27:42]} Nf6 {[%clk 1:29:17]} 7. e5 {[%clk 1:27:14]} Ne4
{[%clk 1:26:20]} 8. Ne1 {[%clk 1:14:14]} Nxc3 {[%clk 1:25:33]} 9. bxc3
{[%clk 1:14:38]} Bxe2 {[%clk 1:25:29]} 10. Qxe2 {[%clk 1:15:02]} O-O
{[%clk 1:24:56]} 11. f4 {[%clk 1:10:39]} c5 {[%clk 1:21:46]} 12. f5
{[%clk 1:00:44]} exf5 {[%clk 1:19:10]} 13. Rxf5 {[%clk 1:00:56]} Qd7
{[%clk 1:16:56]} 14. Qf2 {[%clk 0:48:55]} Nc6 {[%clk 1:14:47]} 15. Bg5
{[%clk 0:48:16]} Rae8 {[%clk 1:04:58]} 16. Bxe7 {[%clk 0:47:39]} Nxe7
{[%clk 0:53:47]} 17. Rf3 {[%clk 0:47:15]} Ng6 {[%clk 0:49:15]} 18. g3
{[%clk 0:46:19]} Rc8 {[%clk 0:39:17]} 19. Nd3 {[%clk 0:40:05]} c4
{[%clk 0:36:03]} 20. Ne1 {[%clk 0:39:34]} Qe6 {[%clk 0:29:04]} 21. Ng2
{[%clk 0:39:36]} f6 {[%clk 0:26:33]} 22. exf6 {[%clk 0:39:40]} Rxf6
{[%clk 0:26:10]} 23. Rxf6 {[%clk 0:39:08]} Qxf6 {[%clk 0:25:54]} 24. Qxf6
{[%clk 0:39:26]} gxf6 {[%clk 0:26:20]} 25. Rb1 {[%clk 0:39:13]} b6
{[%clk 0:24:36]} 26. Rb5 {[%clk 0:38:26]} Rd8 {[%clk 0:24:15]} 27. Kf2
{[%clk 0:36:33]} Kf7 {[%clk 0:24:15]} 28. g4 {[%clk 0:31:22]} Ne7
{[%clk 0:21:54]} 29. Kf3 {[%clk 0:24:35]} Rd6 {[%clk 0:20:56]} 30. Ne3
{[%clk 0:23:12]} Kg6 {[%clk 0:19:06]} 31. h4 {[%clk 0:21:02]} a6 {[%clk 0:17:13]}
32. Rb1 {[%clk 0:21:11]} h5 {[%clk 0:15:03]} 33. Rg1 {[%clk 0:17:35]} hxg4+
{[%clk 0:14:30]} 34. Nxg4 {[%clk 0:17:41]} Re6 {[%clk 0:12:01]} 35. Nf2+
{[%clk 0:15:24]} Kh7 {[%clk 0:11:02]} 36. Ng4 {[%clk 0:13:59]} Nf5
{[%clk 0:08:43]} 37. Kf4 {[%clk 0:13:50]} Ne7 {[%clk 0:07:49]} 38. h5
{[%clk 0:13:48]} Re4+ {[%clk 0:07:21]} 39. Kf3 {[%clk 0:14:08]} Re6
{[%clk 0:07:42]} 40. Ne3 {[%clk 0:13:37]} Kh6 {[%clk 0:06:28]} 41. Rh1
{[%clk 0:14:02]} Kh7 {[%clk 0:03:34]} 42. a4 {[%clk 0:13:12]} Kh6
{[%clk 0:03:07]} 43. Rh3 {[%clk 0:11:36]} Kh7 {[%clk 0:02:14]} 44. Ng4
{[%clk 0:11:36]} Kg7 {[%clk 0:00:58]} 45. h6+ {[%clk 0:07:19]} Kh7
{[%clk 0:01:22]} 46. Ne3 {[%clk 0:07:23]} f5 {[%clk 0:00:48]} 47. Kf4
{[%clk 0:07:36]} a5 {[%clk 0:00:33]} 48. Rh5 {[%clk 0:05:39]} Rxh6
{[%clk 0:00:37]} 49. Rxh6+ {[%clk 0:05:45]} Kxh6 {[%clk 0:01:04]} 50. Nxf5+
{[%clk 0:06:09]} Nxf5 {[%clk 0:01:32]} 51. Kxf5 {[%clk 0:06:31]} Kg7
{[%clk 0:01:16]} 52. Ke6 {[%clk 0:04:07]} b5 {[%clk 0:01:38]} 53. axb5
{[%clk 0:04:36]} a4 {[%clk 0:02:03]} 54. b6 {[%clk 0:05:00]} a3 {[%clk 0:02:31]}
55. b7 {[%clk 0:05:26]} a2 {[%clk 0:02:58]} 56. b8=Q {[%clk 0:05:36]} a1=Q
{[%clk 0:03:22]} 57. Qg3+ {[%clk 0:05:24]} Kh7 {[%clk 0:03:02]} 58. Qh4+
{[%clk 0:05:27]} Kg6 {[%clk 0:02:24]} 59. Qg4+ {[%clk 0:05:42]} Kh6
{[%clk 0:01:53]} 60. Kf6 {[%clk 0:05:22]} Qf1+ {[%clk 0:01:24]} 61. Qf5
{[%clk 0:04:46]} Qg2 {[%clk 0:01:20]} 62. Kf7 {[%clk 0:04:13]} Qe4
{[%clk 0:00:39]} 63. Kf6 {[%clk 0:03:47]} Qg2 {[%clk 0:00:33]} 64. Ke5
{[%clk 0:03:14]} Kg7 {[%clk 0:00:35]} 65. Kd6 {[%clk 0:03:01]} Kh6
{[%clk 0:00:35]} 66. Qxd5 {[%clk 0:02:10]} Qg3+ {[%clk 0:00:51]} 67. Kc5
{[%clk 0:02:25]} Qxc3 {[%clk 0:01:16]} 68. Qxc4 {[%clk 0:02:38]} Qa5+
{[%clk 0:01:33]} 69. Kd6 {[%clk 0:02:52]} Qb6+ {[%clk 0:01:48]} 70. Ke5
{[%clk 0:03:11]} Qb8+ {[%clk 0:02:07]} 71. Ke4 {[%clk 0:03:23]} Qe8+
{[%clk 0:02:02]} 72. Kd3 {[%clk 0:03:31]} Qe1 {[%clk 0:02:26]} 73. Qc6+
{[%clk 0:03:37]} Kg7 {[%clk 0:02:34]} 74. Qf3 {[%clk 0:03:47]} Qa1
{[%clk 0:02:34]} 75. d5 {[%clk 0:02:27]} Qa3+ {[%clk 0:02:27]} 76. c3
{[%clk 0:02:17]} Qc5 {[%clk 0:02:16]} 77. Qg4+ {[%clk 0:02:31]} Kf7
{[%clk 0:02:14]} 78. Qc4 {[%clk 0:02:14]} Qd6 {[%clk 0:02:19]} 79. Qc6
{[%clk 0:01:39]} Qg3+ {[%clk 0:02:03]} 80. Kc4 {[%clk 0:01:54]} Qg4+
{[%clk 0:02:06]} 81. Kb5 {[%clk 0:02:03]} Qe2+ {[%clk 0:02:20]} 82. Kb6
{[%clk 0:02:07]} Qf2+ {[%clk 0:02:23]} 83. Kb7 {[%clk 0:01:59]} Qb2+
{[%clk 0:02:31]} 84. Kc8 {[%clk 0:02:09]} Qg2 {[%clk 0:02:38]} 85. Qe6+
{[%clk 0:02:19]} Kf8 {[%clk 0:02:57]} 86. c4 {[%clk 0:01:51]} Qf2
{[%clk 0:03:04]} 87. Qc6 {[%clk 0:01:34]} Qf5+ {[%clk 0:03:07]} 88. Kc7
{[%clk 0:01:52]} Qf7+ {[%clk 0:03:07]} 89. Kb6 {[%clk 0:02:03]} Qf1
{[%clk 0:03:23]} 90. d6 {[%clk 0:02:09]} 1-0